000 00712nam a2200241Ia 4500
003 OSt
005 20220926012907.0
006 a|||||r|||| 00| 0
007 ta
008 220923b |||||||| |||| 00| 0 eng d
037 _cGeneral Book
040 _aRTL
_cRTL
_beng
041 _2eng
_aeng
082 _aV58.N17<--L00, K7
100 _aDmytryshyn Basil Ed.
_9112341
245 0 _aImperial Russia
_b A source book, 1700-1917
260 _aNew York
_bHalt Rinchat and Winston
_c1967
300 _ax, 435p
_ccm.
500 _aBibliography: P 420-35
650 _aRussia History
_922158
942 _hV58.N17<--L00, K7
_cGB
_2CC
999 _c624641
_d624641